000 00411nam a2200193Ia 4500
001 14218
003 GE_BSU
008 181216s||||||||xx |||||||||||||| ||und||
040 _cGE_BSU
080 _a641
100 _aHood,Joan
245 _aWill it Microwave?
260 _aLondon
260 _bGuild publishing
260 _c1986
300 _a192p.ill.22cm.
653 _aWill it Microwave?
942 _cBK
999 _c47357
_d47357